Namenstage Februar - Statistiken

Allgemein
  • Dieses Quiz wurde 15 mal gespielt
  • Das Durchschnittsergebnis liegt bei 48 aus 102
Antwortstatistiken
Tag\Feb. 📍 Vorname(n) % Korrekt
9. Februar A..a K.t..r..a ♀️ Anna Katharina
100%
El.s.b..h ♀️ Elisabeth
100%
El.s.b..h ♀️ Elisabeth*
100%
M.r.a ♀️ Maria
100%
M.r.a ♀️ Maria*
100%
2. Februar A.f..d ♂️ Alfred
92%
1. Februar B..g.t.e ♀️ Brigitte
92%
14. Februar B.u.o ♂️ Bruno
92%
D..t.r ♂️ Dieter
92%
6. Februar D.r.s ♀️ Doris
92%
J.k.b ♂️ Jakob
92%
An.e ♀️ Anne
83%
A..e - K.t...n ♀️ Anne-Kathrin
83%
Bo.o ♂️ Bodo
83%
22. Februar | 23. Februar Is.b.l.a ♀️ Isabella*
83%
J.l..n ♂️ Julian
83%
J.l..n ♂️ Julian*
83%
Le.n ♂️ Leon
83%
L.k.s ♂️ Lukas
83%
O.k.r ♂️ Oskar
83%
Pa.l ♂️ Paul
83%
W..h..m ♂️ Wilhelm
83%
27. Februar Em..n..l ♂️ Emmanuel
75%
G..g.r ♂️ Gregor
75%
Ot.o ♂️ Otto
75%
S.m.n ♂️ Simon
75%
S..f.n ♂️ Stefan
75%
5. Februar Ad..h..d ♀️ Adelheid
67%
C.r..t..n ♂️ Christian
67%
C.r..t..n ♂️ Christian*
67%
D.r.t..a ♀️ Dorothea
67%
P..l..p ♂️ Philipp
67%
V.r.n..a ♀️ Veronika
67%
7. Februar A.a ♀️ Ava
58%
21. Februar El.o.o.e ♀️ Eleonore
58%
8. Februar Em.l ♂️ Emil
58%
G.s..a ♀️ Gisela
58%
24. Februar I.a ♀️ Ida
58%
M.r.o ♂️ Marko
58%
O.w..d ♂️ Oswald
58%
V.n.s.a ♀️ Vanessa
58%
15. Februar Al.c.a ♀️ Alicja
50%
M..g.r..a ♀️ Margareta
50%
M..t...s ♂️ Matthias
50%
M.s.s ♂️ Moses
50%
R.m..a ♀️ Ramona
50%
R.m.n ♂️ Roman
50%
3. Februar A..g.r ♂️ Ansgar
42%
B.n.d..t ♂️ Benedikt
42%
18. Februar B..n.d.t.e ♀️ Bernadette
42%
El.e ♀️ Else
42%
El.e ♀️ Else*
42%
10. Februar J.c.k ♂️ Jacek
42%
R..h..d ♂️ Richard
42%
U.r..h ♂️ Ulrich
42%
26. Februar Ad..b..t ♂️ Adalbert
33%
Al..a.d.r ♂️ Alexander
33%
4. Februar A.d...s ♂️ Andreas
33%
A.n..a ♀️ Annika
33%
13. Februar B.a.r.x ♀️ Beatrix
33%
19. Februar B.n.f.t..s ♂️ Bonifatius
33%
H..r.n.m.s ♂️ Hieronymus
33%
16. Februar J.l.a.a ♀️ Juliana
33%
P.m..a ♀️ Pamela
33%
S.e.f...d ♂️ Siegfried
33%
Ek..h..d ♂️ Ekkehard
25%
H..m.t ♂️ Helmut
25%
M..h.h..d ♀️ Mechthild
25%
P.t..s ♂️ Petrus
25%
R.i.h..d ♀️ Reinhild
25%
V..t.r.a ♀️ Viktoria
25%
12. Februar A.t.n..s ♂️ Antonius
17%
28. Februar A.g..t ♂️ August
17%
B..s..s ♂️ Blasius
17%
Ed..a ♀️ Edina
17%
G.t.h..f ♂️ Gotthilf
17%
Ir.a ♀️ Irma
17%
I..g..d ♀️ Irmgard
17%
I..g..d ♀️ Irmgard*
17%
J..d.n ♂️ Jordan
17%
Ti.o ♂️ Tino
17%
C.r.l | C.r.l..s ♂️ Cyril | Cyrillus
8%
20. Februar F.l.o ♂️ Falko
8%
F..u.e ♀️ Frauke
8%
G..b..t ♂️ Gilbert
8%
G.t.s..a.k ♂️ Gottschalk
8%
L..b..t ♂️ Lambert
8%
R.g.h..d ♀️ Ragnhild
8%
S..g.e.t ♂️ Siegbert
8%
S..v..a ♀️ Silvana
8%
T.o.o.a ♀️ Teodora
8%
T...s..n | T.r...n ♂️ Thorsten | Torsten
8%
W..b.r.a ♀️ Walburga
8%
17. Februar C..s..n.e ♀️ Constanze
0%
C..s..n.e | K..s..n.e ♀️ Constanze* | Konstanze
0%
D.n.t.s ♂️ Donatus
0%
E.l.l.a ♀️ Eulalia
0%
G..l.n.e ♀️ Gerlinde
0%
J.s..a ♀️ Josefa
0%
25. Februar K..s..n.e ♀️ Konstanze*
0%
Keine übereinstimmenden Quizze gefunden
Verteilung der Resultate
Anzahl Personen mit jedem Resultat
Perzentil nach korrekt beantworteten Fragen
Ihre Resultats-Entwicklung
Sie haben dieses Quiz noch nicht gespielt